MARC

Tag First Indicator Second Indicator Subfields
LEADER 00000cai a2200000 i 4500
001 in00004031221
006 m o d f
007 cr m||||||||||
008 181015c20189999dcu x w obb f0 2eng c
005 20230113213905.0
010 |a 2018230249 
019 |a 1182635653 
035 |a (OCoLC)on1056953025 
040 |a GPO  |b eng  |e rda  |e pn  |c GPO  |d MERUC  |d OCLCF  |d OCLCA  |d GPO  |d OCLCQ  |d GPO  |d MvI 
042 |a pcc 
043 |a n-us---  |a e-ru---  |a a-cc--- 
049 |a WWW 
074 |a 0807-A-07 (online) 
086 0 |a LC 14.23:R 43838/ 
100 1 |a O'Rourke, Ronald,  |e author. 
245 1 0 |a Great power competition :  |b implications for defense--issues for Congress /  |c Ronald O'Rourke. 
247 1 0 |a Renewed great power competition :  |b implications for defense--issues for Congress  |f <Sept. 24, 2019> 
247 1 0 |a Shift in the international security environment :  |b potential implications for defense--issues for Congress  |f <Oct. 15, 2018> 
250 |a [Library of Congress public edition]. 
264 1 |a [Washington, D.C.] :  |b Congressional Research Service,  |c 2018- 
300 |a 1 online resource. 
310 |a Updated irregularly 
336 |a text  |b txt  |2 rdacontent 
337 |a computer  |b c  |2 rdamedia 
338 |a online resource  |b cr  |2 rdacarrier 
490 1 |a Report / Congressional Research Service ;  |v R43838 
500 |a The CRS report home page provides access to all versions published since 2018. 
500 |a GPO Cataloging Record Distribution Program (CRDP). 
504 |a Report includes bibliographical references. 
588 0 |a Contents viewed on Dec. 28, 2022; title from CRS report home page. 
610 1 0 |a United States.  |b Department of Defense  |x Planning. 
610 1 7 |a United States.  |b Department of Defense.  |2 fast  |0 (OCoLC)fst01852447 
651 0 |a United States  |x Military policy. 
650 0 |a National security  |z United States. 
650 0 |a Security, International. 
650 0 |a Geopolitics  |z United States. 
650 0 |a Military art and science  |z United States. 
651 0 |a United States  |x Armed Forces  |x Appropriations and expenditures. 
651 0 |a Russia (Federation)  |x Military policy. 
651 0 |a China  |x Military policy. 
650 7 |a Armed Forces  |x Appropriations and expenditures.  |2 fast  |0 (OCoLC)fst00814587 
650 7 |a Geopolitics.  |2 fast  |0 (OCoLC)fst00941045 
650 7 |a Military art and science.  |2 fast  |0 (OCoLC)fst01020874 
650 7 |a Military policy.  |2 fast  |0 (OCoLC)fst01021386 
650 7 |a National security.  |2 fast  |0 (OCoLC)fst01033711 
650 7 |a Planning.  |2 fast  |0 (OCoLC)fst01065224 
650 7 |a Security, International.  |2 fast  |0 (OCoLC)fst01110895 
651 7 |a China.  |2 fast  |0 (OCoLC)fst01206073 
651 7 |a Russia (Federation)  |2 fast  |0 (OCoLC)fst01262050 
651 7 |a United States.  |2 fast  |0 (OCoLC)fst01204155 
710 2 |a Library of Congress.  |b Congressional Research Service,  |e issuing body. 
773 0 8 |i Contained in (work):  |t CRS reports (Library of Congress. Congressional Research Service)  |w (DLC) 2018231131  |w (OCoLC)1052784408 
830 0 |a CRS report ;  |v R43838. 
856 4 0 |u https://purl.fdlp.gov/GPO/gpo110053  |t 0 
999 f f |s 2da9d7dd-1ca8-46ad-a575-51866b4a0d7f  |i 12a8725b-5ca6-3bca-b171-3591e1f53a32  |t 0 
952 f f |a Texas A&M University  |b College Station  |c Electronic Resources  |d Available Online  |t 0  |e LC 14.23:R 43838/  |h Superintendent of Documents classification 
998 f f |a LC 14.23:R 43838/  |t 0  |l Available Online